قيادة الرعاية الصحية الأولية : (Record no. 49402)
[ view plain ]
| 000 -LEADER | |
|---|---|
| fixed length control field | 00724nam a22001937a 4500 |
| 005 - DATE AND TIME OF LATEST TRANSACTION | |
| control field | 20251108170814.0 |
| 008 - FIXED-LENGTH DATA ELEMENTS--GENERAL INFORMATION | |
| fixed length control field | 250721s1989 xx 000 0 ara d |
| 082 14 - DEWEY DECIMAL CLASSIFICATION NUMBER | |
| Classification number | 614.07/فلا |
| 100 1# - MAIN ENTRY--PERSONAL NAME | |
| Personal name | فلاهد، د |
| 245 10 - TITLE STATEMENT | |
| Title | قيادة الرعاية الصحية الأولية : |
| Remainder of title | تعريف مستوياتها و وظائفها و متطلباتها / |
| 264 1# - PRODUCTION, PUBLICATION, DISTRIBUTION, MANUFACTURE, AND COPYRIGHT NOTICE | |
| Place of production, publication, distribution, manufacture | الإسكندرية : |
| Name of producer, publisher, distributor, manufacturer | منظمة الصحة العالمية - المكتب الإقليمي، |
| Date of production, publication, distribution, manufacture, or copyright notice | 1989. |
| 300 ## - PHYSICAL DESCRIPTION | |
| Extent | 87ص |
| 490 0# - SERIES STATEMENT | |
| Series statement | بحوث الصحة العامة ؛ 82 |
| 650 17 - SUBJECT ADDED ENTRY--TOPICAL TERM | |
| Topical term or geographic name as entry element | الرعاية الصحية الأولية |
| 650 17 - SUBJECT ADDED ENTRY--TOPICAL TERM | |
| Topical term or geographic name as entry element | المراكز الصحية |
| 700 1# - ADDED ENTRY--PERSONAL NAME | |
| Personal name | رويمر، أ |
| 942 ## - ADDED ENTRY ELEMENTS (KOHA) | |
| Source of classification or shelving scheme | Dewey Decimal Classification |
| Koha item type | Books |
| حالة السحب | حالة الفقدان | مصدر التصنيف | حالة التلف | غير قابل للإعارة | المكتبة الرئيسية | المكتبة الحالية | موقع الرف | تاريخ التزويد | الرقم المتسلسل | Total Checkouts | رقم الإستدعاء | تاريخ آخر ظهور | تاريخ الفاتورة | نوع المادة (كوها) |
|---|---|---|---|---|---|---|---|---|---|---|---|---|---|---|
| Dewey Decimal Classification | Unchecked | مكتبة الاميرة بديعة | مكتبة الاميرة بديعة | الإعارة | 06/07/2004 | 000774 | 614.07/فلا | 28/07/2025 | 06/07/2004 | Books | ||||
| Dewey Decimal Classification | Unchecked | مكتبة الجويدة | مكتبة الجويدة | الإعارة | 06/07/2004 | 622 | 614.07/فلا | 28/07/2025 | 06/07/2004 | Books |